European Union Members - Sudden Death - Statistics

General Stats
  • This quiz has been taken 117 times
  • The average score is 19 of 27
Answers on the Grid
Answers color-coded by a green-red scale on the quiz's grid according to % correct below.
Albania
Andorra
Armenia
Austria
Azerbaijan
Belarus
Belgium
Bosnia and Herzegovina
Bulgaria
Croatia
Cyprus
Czech Republic
Denmark
Estonia
Faroe Islands
Finland
France
Georgia
Germany
Greece
Greenland
Hungary
Iceland
Ireland
Italy
Kosovo
Latvia
Liechtenstein
Lithuania
Luxembourg
Malta
Moldova
Monaco
Montenegro
Netherlands
North Macedonia
Norway
Poland
Portugal
Romania
Russia
San Marino
Serbia
Slovakia
Slovenia
Spain
Sweden
Switzerland
Turkiye
Ukraine
United Kingdom
Vatican City
 
Answer Stats
Answer % Correct
Austria
89%
Belgium
89%
Denmark
83%
Finland
83%
France
83%
Germany
83%
Croatia
78%
Estonia
78%
Czech Republic
72%
Greece
72%
Hungary
72%
Ireland
72%
Bulgaria
67%
Italy
67%
Netherlands
67%
Latvia
61%
Lithuania
61%
Poland
61%
Portugal
61%
Romania
61%
Spain
61%
Sweden
61%
Cyprus
56%
Malta
56%
Slovakia
56%
Slovenia
56%
Luxembourg
50%
No matching quizzes found
Score Distribution
Percent of People with Each Score
Percentile by Number Answered
Your Score History
You have not taken this quiz